000 00654nam a22002297a 4500
001 21132
003 UA-OsUOA
005 20220626231516.0
007 ta
008 20031119b un ||||| |||| 00| 0 ukr d
040 _aUA-OsUOA
_brus
_cUA-OsUOA
_dUA-OsUOA
041 _arus
044 _aRU
080 _a94(100)"1939/1945"
090 _a94(100)"1939/1945"
_bИ92
245 _aИтоги Второй мировой войны
_bсборник статей
_cИ. Н. Соболева
260 _aМосква
_bИзд-во иностранной литературы
_c1957
300 _a640 с.
650 7 _2UDC
942 _cBK
_2udc
955 _a0
999 _c307325
_d307325